Основи на биофармацията (Запис номер 1694)
[ съкратено ]
| 000 -Лидер | |
|---|---|
| Контролно поле с фиксирана дължина | 01487nam a2200373 a 4500 |
| 003 - Код на организацията, давaща контролен номер | |
| Контролно поле | BLK |
| 005 - Дата и час на последна редакция | |
| Контролно поле | 20240210122425.0 |
| 008 - Елементи от данни с фиксирана дължина | |
| fixed length control field | 180412b bul|||||r ||||||| ||bul|| |
| 010 ## - Наследен системен номер | |
| LC control number | KNG00002571000 |
| 020 ## - Международен стандартен номер на книга ISBN | |
| Международен стандартен номер на книга ISBN | 954-8033-12-7 |
| 040 ## - Източник на каталожния запис | |
| Идентификатор на билиотеката - собственик на записа | BLK |
| 041 ## - Код за език | |
| Код за езика на текст/звукозапис или на отделно заглавие | Български |
| Код за езика КДБФ | Български |
| 080 ## - УДК | |
| Текстов определител УДК | Фармация. Фармакология. Обща терапия. Токсикология. Интензивна терапия |
| УДК код - определител по УДК | 615 |
| УДК - код + определител | 615 |
| 100 1# - Редна дума - Автор | |
| Автор | Минков, Евгений Христов |
| Авторска отговорност | първи автор |
| R(LIN) | 244664 |
| 139 ## - Редно поле | |
| Редна дума | Основи на биофармацията |
| Авторски знак | Осн - О 83 |
| 245 10 - Сведения за заглавието | |
| Заглавие | Основи на биофармацията |
| Редно поле (дума) | Евгений Христов Минков. |
| 257 ## - Страна на издаване | |
| Страна на създаване/издаване | България |
| 260 ## - Област на издателските данни | |
| Място на издаване, разпространение и проч. | София |
| Име на издателя, разпространителя и проч. | Венел Медик |
| Година на издаване | 1994 |
| 300 ## - Физическа характеристика | |
| Страници | 287 с. |
| Илюстрации и др. | с диагр., табл. |
| Размери/Мащаб | 24 см |
| 380 ## - Жанр | |
| Жанр | Медицина |
| 490 ## - СЕРИИ (Колекции) | |
| Име на серия | Библиотека Nota bene |
| №: серия | 1 |
| 500 ## - Общи забележки | |
| Забележка | Други авт.: Н. Ламбов, Р. Овчаров, И. Бантутова, отбелязани на кор. - 1 000 тир. - Библиогр. след отд. гл. |
| 504 ## - Забележка за наличие на библиография и др | |
| Забележка за наличие на библиография и под. | след отд. гл. |
| 650 #4 - Допълнително описание по предмет – тема | |
| Основно описание – тема или топоним | Фармакология |
| 9 (RLIN) | 175152 |
| 653 ## - Ключова дума – ненормативна | |
| Ключова дума | фармакология |
| 653 ## - Ключова дума – ненормативна | |
| Ключова дума | биофармация |
| 852 ## - Местоположение | |
| Форматна сигнатура | Цб 179362 |
| Фондова буква | Хранилище |
| 856 4# - Електронен адрес и достъп | |
| Електронен формат | pdf - файл |
| Път до файла /url/ | |
| 856 4# - Електронен адрес и достъп | |
| Електронен формат | pdf - файл |
| Път до файла /url/ | |
| 942 ## - АРТИКУЛИ | |
| Вид на библиотечния материал | Книги |
| Скрит в OPAC | Не |
| Koha issues (borrowed), all copies | 3 |
| 944 ## - СЪЗДАВАНЕ И РЕДАКЦИЯ на ЗАПИСА | |
| Създаване/Редакция | Създаване |
| Дата на регистрацията/редакция | 15.01.2003 |
| Служител, извършил регистрацията/редакцията | 30553 |
| Статус, дата на статуса | Иваничка Йорданова |
| 944 ## - СЪЗДАВАНЕ И РЕДАКЦИЯ на ЗАПИСА | |
| Създаване/Редакция | Редакция |
| Дата на регистрацията/редакция | 23.02.2005 |
| 999 ## - СИСТЕМНИ КОНТРОЛНИ НОМЕРА | |
| Koha biblionumber | 1694 |
| Koha biblioitemnumber | 1694 |
| 999 ## - СИСТЕМНИ КОНТРОЛНИ НОМЕРА | |
| Koha biblioitemnumber | 1694 |
| Код за отписване | Код за изгубен артикул | Източник на класификационната схема | Код за повреда | Коз за рестрикции | Код за отдаване | Артикулен № | Име на библиотеката - собственик | Име на библиотеката, в която се намира в момента | Статус (Текущо местоположение) | Дата на вписване в системата | Местоположение - отдел | Цена в лева | Инвентарен номер | Систематично азбучна сигнатура | Баркод | Номер на екземпляра | Цена в евро | Служебна бележка | Служебен тип на артикула |
|---|---|---|---|---|---|---|---|---|---|---|---|---|---|---|---|---|---|---|---|
| Не е изгубен | Universal Decimal Classification | Не е повреден | без рестрикции | ползва се в читалня | 3265 | Регионална библиотека "Любен Каравелов" Русе | Регионална библиотека "Любен Каравелов" Русе | Хранилище | 1994-01-01 | Хранилище | 4.72 | 603615 | Цб 179362 | 120000603615 | 1 | 2.41 | Дост: Dp Вид: Д N: 23 Дата: 01.01.1994 Дата инв: 31.07.2015 Бележки инв: Цб2015 | Книги | |
| Не е изгубен | Universal Decimal Classification | Не е повреден | без рестрикции | ползва се в читалня | 3266 | Регионална библиотека "Любен Каравелов" Русе | Регионална библиотека "Любен Каравелов" Русе | Читалня | 1994-01-01 | Читалня | 4.72 | 602431 | Ч 615/О 80 | 120000602431 | 2 | 2.41 | Дост: Pk Вид: Ф N: стар фонд Дата: 01.01.1994 Дата инв: 17.03.2017 Бележки инв: Ч2017 | Книги | |
| Не е изгубен | Не е повреден | без рестрикции | заемане за дома | 3267 | Регионална библиотека "Любен Каравелов" Русе | Регионална библиотека "Любен Каравелов" Русе | Заемна - подръчен фонд | 2005-02-08 | Заемна - подръчен фонд | 6.00 | 120000691647 | П 615/О 80 | 120000691647 | 3 | 3.07 | Дост: DA Вид: А N: 3 Дата: 07.02.2005 Дата инв: 05.02.2018 Бележки инв: П2018 | Книги |